Statistiques concernant Noms de Pokémon par symboles d'éléments chimiques n°2

Cliquez ici pour prendre le quiz!

Statistiques générales

  • Ce quiz a été pris 470 fois
  • Le résultat moyen est 5 sur 5

Statistiques - réponses

Eléments chimiquesPokémon% Correct
Argon-Cérium-Uranium-SoufreArceus
97%
Phosphore-Iode-Carbone-Hydrogène-UraniumPichu
96%
Tellure-Rhodium-AluminiumTerhal
93%
Radium-Phosphore-Iode-Oxygène-AzoteRapion
89%
Protactinium-Carbone-Hydrogène-Iridium-Iode-Soufre-UraniumPachirisu
88%

Distribution des résultats

Percentile par nombre de réponses

% des personnes avec chaque résultat

Votre développement - résultats

Vous n’avez pas pris ce quiz